01254 2200241 4500001002100000005001500021035002000036008004100056020001800097082001000115084001600125100002900141245006400170260002900234300002800263650003000291700001800321504001800339520062200357990001100979990001100990990001101001INLIS00000000000418320250707095722 a0010-0621003783250707 g 0 ind  a979-8020-75-8 a001.4 a001.4 DJA m1 aDjajasudarma, T. Fatimah1 aMetode Linguistik :bRancangan Metode Penelitian dan Kajian aBandung :bEresco,c1993 avi+78 halaman ;c21 cm. 4aMetode peneliatian Bahasa0 aWilson Nadeak a76-78 halaman aMetode Linguistik : Rancangan Metode Penelitian dan Kajian Buku ini berisi suatu metode linguistik. Metode linguistic adalah pengumpulan data disertai cara atau tekniknya dalam satu kajian kebahasaan. Lazimnya, metode linguistic ini dilakukan oleh para peneliti bahasa sebagai petunjuk dan perbandingan berdasarkan data-data yang telah ada. Oleh para peneliti, metode ini sangat memudahkan cara kerja mereka dalam pelaksanaan suatu kegiatan kebahasaan. Denga adanya metode linguistik, ilmu memiliki objek yang dapat dikaji secara sistematis. Buku ini sangat membantu dan setiap bab mengandung ulasan yang lengkap. a014450 a014452 a014451